000
00323 a2200157 4500
001
17257
020
_a
9788534234665
040
_c
Anchieta - Bela Vista
100
_a
Murray, Roseana
240
1
0
_a
Retratos
_l
por
245
1
0
_a
Retratos
300
_a
32
362
0
_a
2012
650
4
_a
Literatura infantil
942
_c
BK
999
_c
17257
_d
17257